000 00893cab a2200193 4500
001 ##L133518
008 060516n2006 000 0 eng u
035 _a(Sirsi) u133518
041 0 _aeng
100 1 _aShirley, Andrew
245 0 0 _aDemand will lift land prices by 7%
260 _c2006
490 0 _aFarmers' Weekly
_v144(19) 12 May 2006, 26(1)
520 _aKnight Frank forecasts a 7% increase in agricultural land values this year on the back of strengthening farmer demand. The slight slippage in bareland values in the first quarter of 2006 is seen as blip rather than a pattern. Demand has risen by 10% over the first three months of the year and much of the increased demand has come from commercial farmers. Table.
590 _aIKA230506
651 4 _aEngland and Wales
_y1543-
690 _aPROPERTY-RURAL AND NATURAL ASSETS-RURAL AND NATURAL ASSET MARKET
942 _n0
999 _c77055
_d77055